000 00838nam a2200217Ia 4500
003 GCL
008 140319s9999 xx 000 0 ara d
020 _a4599601977
040 _aGCL /
_cGCL
082 0 4 _aق
_b932.02
_bم د
100 1 _aمنيرة محمد الهمشرى
245 1 0 _aدبلوماسية البطالمة فى القرنين الثانى والاول ق 0 م /
_cمنيرة محمد الهمشرى
260 _aالقاهرة :
_bالهيئة المصرية العامة للكتاب ،
_c1999
300 _a210 ص ؛
_c22 سم
490 _aتاريخ المصريين
_v143
650 0 4 _aالبطالمة
650 0 4 _aالدبلوماسية المصرية
650 0 4 _aمصر القديمة - تاريخ - العصر اليونانى
650 0 4 _aمصر القديمة - تاريخ
942 _2ddc
_cBK
999 _c58282
_d58282